Multimedia working it work (Record no. 9093)

MARC details
000 -LEADER
fixed length control field 00485nam a2200229Ia 4500
001 - CONTROL NUMBER
control field 086022
003 - CONTROL NUMBER IDENTIFIER
control field YMCAF
005 - DATE AND TIME OF LATEST TRANSACTION
control field 20230512161537.0
008 - FIXED-LENGTH DATA ELEMENTS--GENERAL INFORMATION
fixed length control field 100717s2003 ||||||||||||||||| ||und|d
024 ## - OTHER STANDARD IDENTIFIER
Standard number or code 86022
035 ## - SYSTEM CONTROL NUMBER
System control number 25481
040 ## - CATALOGING SOURCE
Original cataloging agency YMCAF
Language of cataloging eng
Transcribing agency IN-KoLT
041 ## - LANGUAGE CODE
Language code of text/sound track or separate title eng
082 ## - DEWEY DECIMAL CLASSIFICATION NUMBER
Classification number 006.7
Item number VAU
100 ## - MAIN ENTRY--PERSONAL NAME
Personal name Vaughan, Tay
245 #0 - TITLE STATEMENT
Title Multimedia working it work
250 ## - EDITION STATEMENT
Edition statement 5th
260 ## - PUBLICATION, DISTRIBUTION, ETC.
Name of publisher, distributor, etc. TMH
Date of publication, distribution, etc. 2003
300 ## - PHYSICAL DESCRIPTION
Extent 525
500 ## - GENERAL NOTE
General note With CD
942 ## - ADDED ENTRY ELEMENTS (KOHA)
Source of classification or shelving scheme Dewey Decimal Classification
Koha item type Books
Holdings
Withdrawn status Lost status Damaged status Not for loan Home library Current library Date acquired Cost, normal purchase price Total Checkouts Barcode Date last seen Cost, replacement price Price effective from Koha item type Public note G
        JC Bose University of Science & Technology JC Bose University of Science & Technology 17/07/2010 275.00   25485 12/05/2023 275.00 12/05/2023 Books C LDL 15968
  Lost     JC Bose University of Science & Technology JC Bose University of Science & Technology 17/07/2010 275.00   25481 12/05/2023 275.00 12/05/2023 Books C LDL 15968
  Lost     JC Bose University of Science & Technology JC Bose University of Science & Technology 17/07/2010 275.00   25482 12/05/2023 275.00 12/05/2023 Books C LDL 15968
        JC Bose University of Science & Technology JC Bose University of Science & Technology 17/07/2010 275.00   25483 12/05/2023 275.00 12/05/2023 Books C LDL 15968
        JC Bose University of Science & Technology JC Bose University of Science & Technology 17/07/2010 275.00   25484 12/05/2023 275.00 12/05/2023 Books C LDL 15968